000 00763nam a22002291a 4500
001 4556540
005 20110718130644.0
008 721206s1964 enk 000 0beng
010 _a72196762
035 _9(DLC) 72196762
040 _aDLC
_cDLC
_dDLC
041 1 _aengspa
050 0 0 _aBX4705.L4
_bA713
240 1 0 _lEnglish
245 1 4 _aThe Cardinal of Africa : charles Lavigerie; founder of the White Fathers
_ctranslated by Mairin Mitchell.
_h[Text]
260 _aLondon
_bSands & Co.
_c1964
300 _a208 p.
500 _aTranslation of Lavigerie, el cardenal de Africa.
600 1 0 _aLavigerie, Charles Martial Allemand, 1825-1892.
906 _a7
_bcbc
_corignew
_d5
_encip
_f19
_gy-gencatlg
991 _bc-GenColl
_hBX4705.L4
_iA713
_tCopy 1
_wBOOKS
999 _c30231
_d30231